Colonias segun la ONU - Estadísticas

Estadísticas generales
  • Esta prueba ha sido intentada 126 veces
  • La puntuación promedio es 7 de 17
Estadísticas de respuestas
País Colonia % Correcto
Marruecos/España* Sáhara Occidental
84%
Estados Unidos Guam
66%
Reino Unido Gibraltar
65%
Reino Unido Islas Vírgenes Británicas
56%
Reino Unido Malvinas
50%
Francia Nueva Caledonia
45%
Francia Polinesia Francesa
38%
Nueva Zelanda Tokelau
36%
Reino Unido Montserrat
35%
Reino Unido Bermudas
34%
Reino Unido Islas Caimán
34%
Reino Unido Pitcairn
33%
Reino Unido Anguila
31%
Reino Unido Islas Turcas y Caicos
31%
Reino Unido Santa Elena, Ascensión y Tristán de Acuña
31%
Estados Unidos Samoa Americana
29%
Estados Unidos Islas Vírgenes de Estados Unidos
13%
No se encontraron pruebas coincidentes
Distribución de puntuación
Porcentaje de gente con cada puntuación
Porcentaje por número respondido
Historial de tus puntuaciones
No has intentado esta prueba.